00358ntaaa2200145 45000030003000000050017000030080021000200400037000410820017000781000020000952450015001152500056001303000011001866500015001970120251027201555.00714s1973 ag 01  aAR-BaBNbspacAR-BaBNeaacrdRIC a230.0000 F98 aFurse, Michael  aGod's Plan a1 ed. : bStudent Christian Movement Press, cc/938 a128 p. aTeología